00474nam a22001217a 4500082000800000100001800008245014200026260003500168300002500203650003100228700003500259856005800294 a200 aKhalid, Nasir aOUTPUT FEEDBACK STABILIZATION AND REGULATION FOR A CLASS OF UNDER-ACTUATED NON-MINIMUM PHASE BENCHMARK NONLINEAR SYSTEMS /cNASIR KHALID. aKarachi :bPNEC - NUST,c2017. a120 p.: ill.;c30cm. aPhD-Electrical Engineering aSupervisor:Dr. Attaullah Memon u http://10.250.8.41:8080/xmlui/handle/123456789/22666